Statistics for The Latin Union

Click here to take the quiz!

General Stats

  • This quiz has been taken 47 times
  • The average score is 29 of 40

Answer Stats

Latin languagesCountries% Correct
Catalan, SpanishSpain
100%
PortugueseBrazil
97%
PortuguesePortugal
97%
CatalanAndorra
95%
FrenchFrance
92%
ItalianItaly
92%
ObserverArgentina
90%
ObserverMexico
87%
SpanishChile
85%
SpanishColombia
85%
SpanishHonduras
85%
SpanishPanama
85%
SpanishParaguay
85%
SpanishVenezuela
85%
SpanishCosta Rica
82%
SpanishUruguay
82%
SpanishEcuador
79%
SpanishGuatemala
79%
RomanianRomania
79%
SpanishCuba
77%
SpanishNicaragua
77%
SpanishPeru
77%
ItalianSan Marino
77%
SpanishBolivia
74%
SpanishEl Salvador
74%
FrenchMonaco
74%
SpanishDominican Republic
69%
RomanianMoldova
67%
PortugueseAngola
62%
PortugueseMozambique
62%
PortugueseCape Verde
56%
ObserverVatican City
56%
PortugueseSao Tome and Principe
54%
FrenchHaiti
51%
PortugueseEast Timor
44%
PortugueseGuinea Bissau
44%
ObserverMalta
44%
SpanishPhilippines
41%
FrenchSenegal
33%
FrenchCôte d'Ivoire
31%

Score Distribution

Percentile by Number Answered

Percent of People with Each Score

Your Score History

You have not taken this quiz